Malayala Vritha Padanam (Record no. 47565)

MARC details
000 -LEADER
fixed length control field 00447nam a2200145Ia 4500
008 - FIXED-LENGTH DATA ELEMENTS--GENERAL INFORMATION
fixed length control field 211109s9999||||xx |||||||||||||| ||und||
082 ## - DEWEY DECIMAL CLASSIFICATION NUMBER
Classification number 494.8125
Item number NAR-M
100 ## - MAIN ENTRY--PERSONAL NAME
Personal name Narayana Kurup, P
245 #0 - TITLE STATEMENT
Title Malayala Vritha Padanam
260 ## - PUBLICATION, DISTRIBUTION, ETC.
Name of publisher, distributor, etc. St Joseph Orphanage Book Stall No 410
Place of publication, distribution, etc. Chry
Date of publication, distribution, etc. 1992
300 ## - PHYSICAL DESCRIPTION
Extent 193p.
630 ## - SUBJECT ADDED ENTRY--UNIFORM TITLE
General subdivision GENERAL STACK
650 ## - SUBJECT ADDED ENTRY--TOPICAL TERM
Topical term or geographic name entry element Malayalam Literature
942 ## - ADDED ENTRY ELEMENTS (KOHA)
Koha item type BOOK
650 ## - SUBJECT ADDED ENTRY--TOPICAL TERM
Form subdivision Malayalam Language
General subdivision Malayalam Literary StudiesGeneralia
Holdings
Withdrawn status Lost status Damaged status Not for loan Home library Current library Date acquired Cost, normal purchase price Total Checkouts Full call number Barcode Shelving location Date last seen Price effective from Koha item type
        SB LIBRARY SB LIBRARY 09/11/2021 100.00   494.8125 NAR-M 00089638 GENERAL STACK 09/11/2021 09/11/2021 BOOK

Powered by Koha